000 00693nam a2200253Ia 4500
003 OSt
005 20221005080000.0
006 a|||||r|||| 00| 0
007 ta
008 221004b |||||||| |||| 00| 0 eng d
020 _a8172111509
024 _a77856
037 _cTextual
040 _aCRL
_cCRL
_beng
041 _2eng
_aeng
082 _aV25233:51, P4
100 _aSiddiqui A. U
_9610178
245 0 _aIndian freedom movement in princely states of Vindhya Pradesh
260 _aNew Delhi
_bNorthern Book Centre India
_c2004
300 _a204p.
_ccm.
650 _aHISTORY
942 _hV25233:51, P4
_cTEXL
_2cc
999 _c985509
_d985509